00711nam a2200241 a 4500001001300000003000900013005001700022008004100039020002300080082001300103100001500116245004300131260003700174300000900211500003500220505001800255650002100273700001500294902000800309942000700317952012800324999001700452nice12345678IN_TiNIC20260116015053.0090512s2007 newa grp 000 0 eng  a8180693635 c30000a241bSTE aStephen, M aChristian Ethicsb Issues and Insights aNew DelhibConcept Pub Co c2007 a157p aincludes index and biblioraphy2 abiblio, index aChristian-Ethics1 aStephen, M bSRS cBK 001040708StackRoom-aHMIbHMId2009-05-12g300.00l2o241 STEp11001710r2022-10-11s2022-10-07v300.00w2009-05-12yBK c18187d18187